00823nam a22002411 450000100030000000300080000300500170001100800410002803500160006904000360008504100080012108200250012910000470015424500680020125000120026926000680028130000270034949000860037650400200046252600150048265000490049783000350054616BD-RjUL20211208233107.0131116r19671956nyu 001 0 eng d a(BD-RjUL)18 aDLC/ICUcICUdDLCdBD-RjULbeng aeng00a515.35222bINI 19671 aInce, E. L.q(Edward Lindsay),d1891-1941.10aIntegration of ordinary differential equations /cby E.L. Ince  a7th ed. aEdinburgh ;aLondon :bOliver and Boyd,c1956 [reprinted 1967]. aviii, 146 p. ;c19 cm. a[University mathematical texts. General editors: A.C. Altken ... D.E. Rutherford] aIncludes Index. bmathematic 0aDifferential equationsxNumerical solutions. 0aUniversity mathematical texts.